[Event "COL-ch Superate B"]
[Site "Colombia"]
[Date "2015.10.15"]
[Round "5.4"]
[White "Florez Castro, Estiven"]
[Black "Pena Bermudez, Juan Camilo"]
[Result "1-0"]
[WhiteElo "1729"]
[BlackElo "1797"]
[PlyCount "67"]
[EventDate "2015.10.15"]
[EventType "swiss (rapid)"]
[EventRounds "6"]
[EventCountry "COL"]
[SourceTitle "EXT 2024"]
[Source "ChessBase"]
[SourceDate "2023.10.10"]
[SourceVersion "1"]
[SourceVersionDate "2023.10.10"]
[SourceQuality "1"]

1. c4 d6 2. Nc3 e5 3. g3 f5 4. Bg2 Nf6 5. e3 Be7 6. Nge2 0-0 7. Nd5 Kh8 8. 0-0 c6 9. Nxe7 Qxe7 10. d4 Na6 11. b3 Be6 12. Bb2 e4 13. Nf4 Bg8 14. a3 g5 15. Nh3 d5 16. Nxg5 Ng4 17. Nh3 Nc7 18. Nf4 Ne6 19. Nxe6 Bxe6 20. cxd5 cxd5 21. a4 Rg8 22. Qe2 Rg7 23. Ba3 Qg5 24. Bd6 Rg6 25. Bf4 Qf6 26. h3 Kg8 27. hxg4 fxg4 28. Rfc1 h5 29. Qb5 b6 30. Rc7 h4 31. Rac1 Rf8 32. Rxa7 Qh8 33. Rcc7 h3 34. Be5 1-0

[Event "COL-ch Superate B"]
[Site "Colombia"]
[Date "2015.10.15"]
[Round "4.5"]
[White "Pena Bermudez, Juan Camilo"]
[Black "Arias Umana, Fray Bernardo"]
[Result "1/2-1/2"]
[WhiteElo "1797"]
[BlackElo "1612"]
[PlyCount "97"]
[EventDate "2015.10.15"]
[EventType "swiss (rapid)"]
[EventRounds "6"]
[EventCountry "COL"]
[SourceTitle "EXT 2024"]
[Source "ChessBase"]
[SourceDate "2023.10.10"]
[SourceVersion "1"]
[SourceVersionDate "2023.10.10"]
[SourceQuality "1"]

1. d4 Nf6 2. c4 g6 3. Nc3 d5 4. Nf3 Bg7 5. e3 0-0 6. Be2 c6 7. b4 Bg4 8. a4 Nbd7 9. a5 Rc8 10. Qb3 e6 11. 0-0 dxc4 12. Qxc4 Nd5 13. Ne4 N7f6 14. Nc5 b6 15. Nd3 Nd7 16. Bb2 c5 17. bxc5 bxc5 18. Qa6 Qc7 19. Rfc1 c4 20. Ba3 Rfe8 21. Nc5 Bxf3 22. Bxf3 Nxc5 23. Bxc5 Qc6 24. Qxc4 a6 25. Rab1 Rb8 26. Qd3 Rb5 27. Rxb5 axb5 28. Rb1 Rb8 29. h4 Qa6 30. Ra1 Bf8 31. Bxf8 Kxf8 32. Qe4 Qd6 33. h5 b4 34. a6 Ra8 35. hxg6 hxg6 36. a7 Qc7 37. Qh4 Rxa7 38. Rxa7 Qxa7 39. Bxd5 exd5 40. Qd8+ Kg7 41. Qxd5 Qa3 42. Qe5+ Kg8 43. d5 b3 44. d6 b2 45. Qe8+ Kg7 46. Qe5+ Kg8 47. Qe8+ Kg7 48. Qe5+ Kg8 49. Qe8+ 1/2-1/2

[Event "COL-ch Superate B"]
[Site "Colombia"]
[Date "2015.10.14"]
[Round "9.4"]
[White "De la Asuncion Ortiz, Angel Mario"]
[Black "Pena Bermudez, Juan Camilo"]
[Result "0-1"]
[WhiteElo "1719"]
[BlackElo "1838"]
[PlyCount "94"]
[EventDate "2015.10.14"]
[EventType "swiss (blitz)"]
[EventRounds "12"]
[EventCountry "COL"]
[SourceTitle "EXT 2024"]
[Source "ChessBase"]
[SourceDate "2023.10.10"]
[SourceVersion "1"]
[SourceVersionDate "2023.10.10"]
[SourceQuality "1"]

1. d4 d6 2. c4 e5 3. dxe5 dxe5 4. Qxd8+ Kxd8 5. Nc3 c6 6. Be3 Be6 7. b3 Kc7 8. Nf3 f6 9. g3 a5 10. Bg2 Bb4 11. Rc1 a4 12. 0-0 axb3 13. axb3 Ra3 14. Na4 Rxb3 15. Bb6+ Kc8 16. Rfd1 Ne7 17. Bc5 Nd7 18. Bxb4 Rxb4 19. Nc3 Rxc4 20. e3 Rd8 21. Bf1 Rb4 22. Nb5 Nd5 23. Bc4 Kb8 24. Bxd5 Bxd5 25. Rxd5 cxd5 26. Nc3 Rc4 27. Nd2 Rc7 28. Nb3 Rdc8 29. Na2 Rxc1+ 30. Naxc1 d4 31. exd4 exd4 32. Nd3 Ne5 33. Ndc5 d3 34. Ne6 Rc3 35. Nd2 Rc2 36. Ne4 d2 37. Nxd2 Rxd2 38. Nxg7 b5 39. Nf5 b4 40. Ne3 b3 41. Nc4 Nxc4 42. Kg2 b2 43. h3 b1Q 44. g4 Qe4+ 45. Kg3 Rd3+ 46. Kh4 Qf3 47. Kh5 Qxh3# 0-1

[Event "COL-ch Superate B"]
[Site "Colombia"]
[Date "2015.10.14"]
[Round "1.6"]
[White "Madariaga Amaya, Cristian Daniel"]
[Black "Pena Bermudez, Juan Camilo"]
[Result "0-1"]
[WhiteElo "1560"]
[BlackElo "1838"]
[PlyCount "57"]
[EventDate "2015.10.14"]
[EventType "swiss (blitz)"]
[EventRounds "12"]
[EventCountry "COL"]
[SourceTitle "EXT 2024"]
[Source "ChessBase"]
[SourceDate "2023.10.10"]
[SourceVersion "1"]
[SourceVersionDate "2023.10.10"]
[SourceQuality "1"]

1. e4 d6 2. Nf3 Nf6 3. Nc3 g6 4. Bc4 Bg7 5. d3 0-0 6. Bf4 c6 7. Qe2 Nbd7 8. 0-0 b5 9. Bb3 Bb7 10. a4 a6 11. axb5 axb5 12. Rxa8 Qxa8 13. d4 Nh5 14. Bg5 Re8 15. e5 dxe5 16. dxe5 Nc5 17. h3 Nxb3 18. cxb3 f6 19. exf6 exf6 20. Qd2 fxg5 21. Qxg5 Qd8 22. Rd1 Qxg5 23. Nxg5 h6 24. Nge4 Ba8 25. Nc5 Nf4 26. g3 Nxh3+ 27. Kg2 Ng5 28. f4 Ne6 29. N5e4 0-1

[Event "COL-ch Superate B"]
[Site "Colombia"]
[Date "2015.10.14"]
[Round "6.6"]
[White "Pai, Juan David"]
[Black "Pena Bermudez, Juan Camilo"]
[Result "0-1"]
[WhiteElo "1730"]
[BlackElo "1838"]
[PlyCount "108"]
[EventDate "2015.10.14"]
[EventType "swiss (blitz)"]
[EventRounds "12"]
[EventCountry "COL"]
[SourceTitle "EXT 2024"]
[Source "ChessBase"]
[SourceDate "2023.10.10"]
[SourceVersion "1"]
[SourceVersionDate "2023.10.10"]
[SourceQuality "1"]

1. d4 Nf6 2. Nf3 g6 3. c4 Bg7 4. Bf4 d6 5. e3 0-0 6. Bd3 c6 7. Nbd2 Nbd7 8. 0-0 Re8 9. Qc2 e5 10. dxe5 dxe5 11. Bg5 h6 12. Bh4 g5 13. Bg3 Nc5 14. Bh7+ Nxh7 15. Rfd1 Qe7 16. b4 Nd7 17. a3 Ndf8 18. Rac1 Ng6 19. Ne4 Bf5 20. c5 Nf6 21. Nxf6+ Qxf6 22. e4 Bg4 23. Rd6 Re6 24. Ne1 Rxd6 25. cxd6 Qxd6 26. h3 Be6 27. Rd1 Qe7 28. Nd3 Rd8 29. Nc5 b6 30. Nxe6 Rxd1+ 31. Qxd1 Qxe6 32. Qd8+ Kh7 33. Qc7 Nf4 34. Kh2 h5 35. Qxa7 b5 36. Qc5 g4 37. h4 Qc4 38. Qe3 Bh6 39. Qe1 Ng6 40. f3 Bf4 41. Bxf4 exf4 42. fxg4 hxg4 43. h5 g3+ 44. Kg1 Ne5 45. Qd2 Nd3 46. e5 Qd4+ 47. Kf1 Qf2+ 48. Qxf2 Nxf2 49. Ke2 Kh6 50. Kf3 Nd3 51. Ke4 Nxe5 52. Kxf4 Nc4 53. Ke4 Kxh5 54. Kf3 Kh4 0-1